TV Shows By State Quiz Stats

 Plays Quiz Updated Oct 23, 2020

     
Support Sporcle.
Go Orange.
Score 0/51 Timer 10:00
4 Plays Today
State TV Show % Correct
CaliforniaThe Brady Bunch
86.1%
New YorkSeinfeld
79%
Rhode IslandFamily Guy
72.1%
TexasDallas
71.4%
WashingtonFrasier
70.9%
MassachusettsCheers
67.1%
MichiganHome Improvement
64.9%
KansasSmallville
64%
North CarolinaThe Andy Griffith Show
58.7%
HawaiiHawaii Five-O
56.8%
PennsylvaniaThe Office
55.4%
IllinoisER
54.7%
NevadaCSI: Crime Scene Investigation
53.9%
FloridaMiami Vice
50.9%
VirginiaThe Waltons
49.3%
WisconsinLaverne & Shirley
48.3%
MinnesotaThe Mary Tyler Moore Show
47.2%
MaineMurder, She Wrote
46%
District of ColumbiaThe West Wing
43.3%
GeorgiaDesigning Women
43%
AlaskaNorthern Exposure
42.9%
OhioWKRP in Cincinnati
42%
ColoradoDynasty
37.5%
ConnecticutGilmore Girls
36.9%
New JerseyThe Sopranos
36.7%
ArizonaAlice
35.1%
State TV Show % Correct
LouisianaTrue Blood
30.9%
VermontNewhart
30.8%
IndianaOne Day at a Time
29.6%
MississippiIn the Heat of the Night
28.5%
MontanaMy Friend Flicka
24.7%
KentuckyDaniel Boone
16.1%
UtahBig Love
15.6%
MarylandHomicide: Life on the Street
15.3%
OregonLittle People, Big World
14%
MissouriRawhide
13%
South DakotaDeadwood
12.5%
ArkansasEvening Shade
8.8%
New MexicoRoswell
7.8%
OklahomaSaving Grace
5.1%
DelawareThe Pretender
4.9%
WyomingThe Virginian
4.3%
TennesseeChristy
3.5%
IowaDrexell's Class
2.7%
South CarolinaAmerican Gothic
2.7%
AlabamaAny Day Now
1.8%
NebraskaThe Young Riders
1.7%
New HampshireThe Brotherhood of Poland, New Hampshire
1.2%
North DakotaMy Secret Identity
0.8%
West VirginiaHawkins
0.8%
IdahoThe Manhunter
0.7%

From the Vault

Yugoslavia Consonants

by Flick

Geography 30s
Who needs vowels anyway?
Remove Ads.
Support Sporcle.
Get the best of Sporcle when you Go Orange. This ad-free experience offers more features, more stats, and more fun while also helping to support Sporcle. Thank you for becoming a member.

Show Comments

Extras

Top Quizzes Today


Score Distribution

Your Account Isn't Verified!

In order to create a playlist on Sporcle, you need to verify the email address you used during registration. Go to your Sporcle Settings to finish the process.

Report this User

Report this user for behavior that violates our Community Guidelines.

Details: